Programmation mathematique

Saved in:
Bibliographic Details
Main Author: Karmanov V. G.
Format: Book
Language:French
Russian
Published: Moscou : Editions Mir, c1977.
Subjects:
Tags: Add Tag
No Tags, Be the first to tag this record!

MARC

LEADER 00000cam a2200000 a 4500
001 1/107315
008 150709s1977####ur | ||| |||| ||fre||
040 |a GR-MyUa  |b gre  |c GR-MyUa  |e AACR2 
041 1 |a fre  |h rus 
082 7 |a 519.7  |2 (23) 
100 1 |a Karmanov V. G. 
245 1 0 |a Programmation mathematique /   |c V. Karmanov ; [traduit du russe par ValentinPolonski].  
260 |a Moscou :   |b Editions Mir,   |c c1977. 
300 |a 221 σ. ;  |c 22 εκ. 
500 |a Περιέχει βιβλιογραφικές αναφορές και ευρετήριο. 
650 0 |a Programming (Mathematics) 
852 |a INST  |b SAMOS  |e 20150709  |h 519.7 KAR  |p 005300042371  |q 005300042371  |t BK  |y 0 
970 |a Γουβάλα  |b Βάσω  |z 09-07-2015